100 Biggest Cities of Egypt on a Map - Statistics

General Stats
  • This quiz has been taken 96 times
  • The average score is 16 of 100
Answers on the Map
Answers color-coded by a green-red scale on the quiz's map according to % correct below.
 
Answer Stats
Population City % Correct
9,801,536 Cairo
100%
5,362,517 Alexandria
98%
4,458,135 Giza
87%
284,952 Luxor
82%
716,458 Suez
82%
791,749 Port Said
78%
401,890 Aswan
67%
214,247 Hurghada
49%
319,488 New Cairo
47%
562,061 Asyut
44%
312,863 Damietta
38%
376,302 6th of October City
36%
632,330 Mansoura
36%
450,388 Ismailia
31%
597,694 Tanta
29%
614,202 Mahalla al-Kubra
27%
264,498 Qena
27%
263,321 10th of Ramadan City
24%
193,293 Mersa Matruh
24%
278,425 Sohag
24%
460,501 Zagazig
24%
294,125 Beni Suef
22%
204,391 El Arish
22%
130,270 Rosetta
22%
329,572 Damanhour
20%
1,275,700 Shubra al-Khaymah
20%
531,861 Fayoum
18%
87,482 Kharga
18%
298,021 Al-Minya
16%
277,991 Shibin el-Kom
16%
198,197 Kafr el-Sheikh
13%
223,435 Mallawi
13%
502,864 Al-Khusus
11%
187,469 Banha
11%
84,140 Edfu
11%
183,479 Idku
11%
123,066 Kom Ombo
11%
156,319 Mit Ghamr
11%
157,754 Girga
9%
130,417 Minuf
9%
160,831 Qalyub
9%
88,261 Qus
9%
149,227 Samaluṭ
9%
140,087 Tahta
9%
158,278 Al-Hawamidiyah
7%
83,475 Armant
7%
198,167 Bilbeis
7%
126,088 El Senbellawein
7%
102,697 Esna
7%
125,373 Manfalut
7%
105,477 Ṭima
7%
157,938 Akhmim
4%
101,302 Al-Jamaliyah
4%
164,743 Al-Matariyah
4%
129,144 Ashmoun
4%
139,369 Belqas
4%
121,643 Beni Mazar
4%
101,946 Biba
4%
90,729 Biyala
4%
152,077 Desouk
4%
125,112 Faqous
4%
133,130 Kafr ad-Dawwar
4%
86,390 Kafr az-Zayyat
4%
86,513 Matai
4%
106,216 Minya al-Qamh
4%
118,843 Abnub
2%
88,401 Abu an-Numrus
2%
165,246 Abu Kabir
2%
94,855 Abu Qirqas
2%
112,077 Abu Tij
2%
121,675 Al-Fashn
2%
83,981 Al-Khankah
2%
95,064 Al-Manshah
2%
85,958 Al-Qanatir al-Khayriyah
2%
101,238 Al-Qurayn
2%
105,891 Al-Qusiyah
2%
93,759 Ash-Shuruq
2%
96,132 Awsim
2%
92,724 Badrshein
2%
109,051 Dairut
2%
102,769 Dikirnis
2%
86,606 Diyarb Najm
2%
142,955 El Ubour
2%
95,134 Fuwah
2%
80,045 Hihya
2%
85,964 Hosh Essa
2%
88,309 Ibsheway
2%
80,377 Ityay al-Barud
2%
140,448 Kirdasah
2%
124,236 Maghaghah
2%
129,519 Manzala
2%
81,131 Mashtul as-Suq
2%
83,805 Minyat an-Nasr
2%
146,917 Nasir Bush
2%
91,130 Samannud
2%
97,848 Sheikh Zayed City
2%
136,825 Sinnuris
2%
81,097 Sirs al-Layyanah
2%
114,737 Ṭalkha
2%
115,774 Zefta
2%
No matching quizzes found
Score Distribution
Percent of People with Each Score
Percentile by Number Answered
Your Score History
You have not taken this quiz